A látens szemantikus tulajdonságok segítségével előtanított nyelvi modellek vizsgálata

A szóalakok helyett fogalmi egységek mentén előtanított nyelvi modellek mintahatékonyságát több korábbi munka is igazolta. Ezek a vizsgálatok azonban a létrehozott modelleket csupán finomhangolhatóságuk szempontjából vizsgálták. Jelen cikkben a látens szemantikus tulajdonságok jelentette kváziszimbo...

Teljes leírás

Elmentve itt :
Bibliográfiai részletek
Szerző: Berend Gábor
Testületi szerző: Magyar számítógépes nyelvészeti konferencia (21.)
Dokumentumtípus: Könyv része
Megjelent: Szegedi Tudományegyetem TTIK, Informatikai Intézet Szeged 2025
Sorozat:Magyar Számítógépes Nyelvészeti Konferencia 21
Kulcsszavak:Nyelvészet - számítógép alkalmazása
Tárgyszavak:
Online Access:http://acta.bibl.u-szeged.hu/88776
LEADER 01685naa a2200253 i 4500
001 acta88776
005 20251112125333.0
008 251112s2025 hu o 100 hun d
020 |a 978-963-688-034-7 
040 |a SZTE Egyetemi Kiadványok Repozitórium  |b hun 
041 |a hun 
100 1 |a Berend Gábor 
245 1 2 |a A látens szemantikus tulajdonságok segítségével előtanított nyelvi modellek vizsgálata  |h [elektronikus dokumentum] /  |c  Berend Gábor 
260 |a Szegedi Tudományegyetem TTIK, Informatikai Intézet  |b Szeged  |c 2025 
300 |a 113-122 
490 0 |a Magyar Számítógépes Nyelvészeti Konferencia  |v 21 
520 3 |a A szóalakok helyett fogalmi egységek mentén előtanított nyelvi modellek mintahatékonyságát több korábbi munka is igazolta. Ezek a vizsgálatok azonban a létrehozott modelleket csupán finomhangolhatóságuk szempontjából vizsgálták. Jelen cikkben a látens szemantikus tulajdonságok jelentette kváziszimbolikus információ mentén történő előtanításnak a nyelvi modellezés elvégzésére gyakorolt (negatív) hatását mutatjuk be, illetve javaslunk két módszert is, amely használatával a modellek nyelvi modellezési képességei javíthatók a fogalmakra való érzékenységének megtartása mellett. 
650 4 |a Természettudományok 
650 4 |a Számítás- és információtudomány 
650 4 |a Bölcsészettudományok 
650 4 |a Nyelvek és irodalom 
695 |a Nyelvészet - számítógép alkalmazása 
711 |a Magyar számítógépes nyelvészeti konferencia (21.)  |c Szeged  |d 2025. február 6-7. 
856 4 0 |u http://acta.bibl.u-szeged.hu/88776/1/msznykonf_021_113-122.pdf  |z Dokumentum-elérés